Statistics for General Knowledge Quiz #46

Click here to take the quiz!

General Stats

  • This quiz has been taken 65,251 times
    (22,432 since last reset)
  • The average score is 13 of 20

Answer Stats

Question Answer % Correct
How many milligrams are in a kilogram?1,000,000
91%
What is Mario and Luigi's occupation?Plumber
88%
What is the most commonly-spoken language in Austria?German
87%
Asperger syndrome is considered a mild form of what disorder?Autism
84%
What animal is sometimes called the "ship of the desert"?Camel
82%
What food product is made in a churn?Butter
74%
What is either a state of enlightenment or a popular band from the 1990s?Nirvana
71%
What are Good Hope, Cod, Horn, and Fear?Capes
71%
What is the world's best-selling cigarette brand (by revenue)?Marlboro
70%
Who wrote "A Tale of Two Cities"?Charles Dickens
64%
What word is a homophone of kernel?Colonel
63%
Which constellation represents twins?Gemini
63%
What is the largest country that borders Suriname?Brazil
62%
Who rid Ireland of snakes, according to legend?St. Patrick
57%
Nautically speaking, what is the opposite of stern?Bow
53%
What actress starred in "Avatar" and "Aliens"?Sigourney Weaver
51%
Who was Queen Victoria's husband?Prince Albert
49%
In what type of cell would you find an axon and dendrites?Nerve
41%
In the movie "Scarface", what country did Tony Montana come from?Cuba
40%
At a French McDonald's, what would they call a quarter pounder with cheese?Royal Cheese
38%

Score Distribution

Percentile by Number Answered

Percent of People with Each Score

Your Score History

You have not taken this quiz since the last reset